[Event "ICS rated blitz match"]
[Site "207.99.83.227"]
[Date "1999.05.03"]
[Round "?"]
[White "Hossa"]
[Black "Secret"]
[Result "0-1"]
[WhiteElo "2462"]
[BlackElo "2891"]
[PlyCount "113"]

1. e4 c5 2. Nf3 d6 3. d4 cxd4 4. Nxd4 Nf6 5. Nc3 a6 6. Bg5 Qa5 7. Bxf6 gxf6 8.
Be2 Bg7 9. O-O f5 10. Qd3 fxe4 11. Qxe4 Be5 12. Rae1 e6 13. Bd3 Qb4 14. Nde2
Qxe4 15. Nxe4 d5 16. Ng5 h6 17. Nf3 Bxb2 18. c4 dxc4 19. Bxc4 O-O 20. Rb1 Bg7
21. Rbd1 Nc6 22. Rd6 Rd8 23. Rxd8+ Nxd8 24. Bd3 Bd7 25. Ng3 Rc8 26. Ne4 Kf8 27.
g4 Ke7 28. g5 hxg5 29. Nfxg5 Bc6 30. Rb1 Bd5 31. a4 f6 32. Nf3 f5 33. Neg5 Rc3
34. Be2 Bc6 35. Rd1 Bf6 36. Nh7 Nf7 37. Nxf6 Kxf6 38. Nd4 Bxa4 39. Ra1 b5 40.
f4 Nd6 41. Rb1 e5 42. fxe5+ Kxe5 43. Nf3+ Kf4 44. Rf1 a5 45. Kf2 b4 46. Ra1
Ne4+ 47. Kg1 b3 48. Rxa4 b2 49. Nd2 Rc2 50. Nb1 Rc1+ 51. Kg2 Rxb1 52. Bd3 Ra1
53. Rc4 Rd1 54. Rc2 b1=Q 55. Rf2+ Nxf2 56. Bxb1 Rd2 57. h4 {Hossa resigns} 0-1

[Event "ICS Rated blitz match"]
[Site "207.99.83.227"]
[Date "1999.05.03"]
[Round "?"]
[White "Secret"]
[Black "Hossa"]
[Result "1-0"]
[WhiteElo "2893"]
[BlackElo "2460"]
[PlyCount "116"]

1. d4 Nf6 2. c4 e6 3. Nf3 b6 4. g3 Ba6 5. Nbd2 Bb4 6. Qc2 O-O 7. Bg2 d5 8. O-O
c5 9. Re1 cxd4 10. cxd5 Nxd5 11. Nxd4 Qf6 12. Qe4 Nd7 13. a3 Bc5 14. N2f3 Rac8
15. Bg5 Qg6 16. Qxg6 hxg6 17. Rad1 Bb7 18. b4 Bxd4 19. Nxd4 a5 20. e4 N5f6 21.
Nb5 Rc2 22. Nd6 Ba8 23. Rc1 Ra2 24. bxa5 bxa5 25. Rc3 Ng4 26. Be7 Rb8 27. Rec1
Nb6 28. Rb1 a4 29. h3 Nxf2 30. Rc7 Re2 31. Nc4 Bxe4 32. Rxb6 Rxb6 33. Nxb6 Bxg2
34. Kxg2 Nd1+ 35. Kf1 Re3 36. Rd7 Nc3 37. Kf2 Re2+ 38. Kf3 Rb2 39. Rd8+ Kh7 40.
Nd7 Nd5 41. Nf8+ Kh6 42. Nxe6 Rb3+ 43. Kg4 Ne3+ 44. Kf4 g5+ 45. Bxg5+ Kh7 46.
Nf8+ Kg8 47. Be7 f6 48. Bc5 Nf1 49. g4 Rc3 50. Bb4 Re3 51. h4 Kf7 52. g5 fxg5+
53. hxg5 g6 54. Rd7+ Kg8 55. Nh7 Re4+ 56. Kxe4 Ng3+ 57. Ke5 Nh5 58. Nf6+ 58...
Nxf6 {Hossa resigns} 1-0

[Event "ICS Rated blitz match"]
[Site "207.99.83.227"]
[Date "1999.05.03"]
[Round "?"]
[White "Hossa"]
[Black "Secret"]
[Result "0-1"]
[WhiteElo "2458"]
[BlackElo "2895"]
[PlyCount "146"]

1. Nf3 Nf6 2. g3 d5 3. Bg2 e6 4. O-O Be7 5. d4 O-O 6. Bf4 Re8 7. Nc3 Nh5 8. Bd2
c5 9. dxc5 Na6 10. c6 bxc6 11. e4 d4 12. Ne2 d3 13. Ned4 dxc2 14. Qxc2 c5 15.
Nc6 Qc7 16. e5 g6 17. Nxe7+ Rxe7 18. Be3 Bb7 19. Rac1 Rb8 20. Qc4 Rd7 21. Rfd1
Rxd1+ 22. Rxd1 Qb6 23. b4 Qxb4 24. Qxb4 Nxb4 25. Bxc5 Nxa2 26. Bxa7 Ra8 27. Rd7
Rxa7 28. Ng5 Bxg2 29. Rxa7 Bd5 30. Nxf7 Nc3 31. f4 Nb5 32. Nh6+ Kh8 33. Rd7 Bc6
34. Re7 Nd4 35. Kf2 Ng7 36. Ng4 Kg8 37. Nf6+ Kf8 38. Rc7 h5 39. Nh7+ Kg8 40.
Ng5 Be8 41. Rc8 Kf8 42. Nh7+ Kg8 43. Nf6+ Kf8 44. h4 Nb5 45. Ke3 Na7 46. Rc7
Nf5+ 47. Kd2 Nb5 48. Rc8 Ng7 49. Kd3 Na7 50. Rc7 Nc6 51. Rxg7 Nxe5+ 52. Ke4
Bc6+ 53. Kxe5 Kxg7 54. Kxe6 Bb5 55. Ne4 Bc6 56. Ng5 Ba4 57. Kd5 Kf6 58. Kd6 Kf5
59. Ke7 Kg4 60. Kf6 Kxg3 61. Ne6 Kxh4 62. Kxg6 Kg4 63. Kf6 h4 64. Ng5 Bd7 65.
Ke5 Bf5 66. Nf7 h3 67. Nh6+ Kf3 68. Nxf5 h2 69. Nd4+ Kg4 70. f5 h1=Q 71. Kd6
Kf4 72. f6 Qd1 73. Kc5 73... Ke5 {Hossa resigns} 0-1

[Event "ICS rated blitz match"]
[Site "207.99.83.227"]
[Date "1999.05.03"]
[Round "?"]
[White "Secret"]
[Black "Hossa"]
[Result "1-0"]
[WhiteElo "2897"]
[BlackElo "2456"]
[PlyCount "59"]

1. e4 c5 2. Nf3 d6 3. d4 cxd4 4. Nxd4 Nf6 5. Nc3 a6 6. Bg5 Qa5 7. Bxf6 gxf6 8.
Bc4 Rg8 9. Nb3 Qb4 10. Bf1 Bg4 11. Qd2 Bh5 12. Qd5 Rg5 13. Bb5+ Nc6 14. Bxc6+
Kd8 15. Qd3 bxc6 16. O-O e6 17. Ne2 Kc7 18. c3 Qb5 19. c4 Qb4 20. Ng3 Bg6 21.
h4 Rxg3 22. fxg3 d5 23. cxd5 cxd5 24. Qe3 dxe4 25. Rac1+ Kb7 26. Rfd1 e5 27.
Rd7+ Kb8 28. Rc6 Bh6 29. Qxh6 Bf5 30. Qxf6 {Hossa resigns} 1-0

[Event "ICS Rated blitz match"]
[Site "207.99.83.227"]
[Date "1999.05.03"]
[Round "?"]
[White "Hossa"]
[Black "Secret"]
[Result "0-1"]
[WhiteElo "2454"]
[BlackElo "2899"]
[PlyCount "143"]

1. e4 c5 2. Nf3 d6 3. d4 cxd4 4. Nxd4 Nf6 5. Nc3 a6 6. Bg5 Nbd7 7. Bd3 e6 8.
O-O Be7 9. Qe1 O-O 10. Rd1 Nc5 11. e5 dxe5 12. Nc6 bxc6 13. Bxh7+ Kxh7 14. Rxd8
Rxd8 15. Qxe5 Ncd7 16. Qg3 Rb8 17. b3 Kg8 18. Bh6 Nh5 19. Qf3 Bf6 20. Ne4 gxh6
21. Qxh5 Bg7 22. Nd6 Ne5 23. Rd1 Rd7 24. c4 Bb7 25. f4 Ng6 26. f5 Ne5 27. c5
exf5 28. Rf1 f4 29. Nf5 Re8 30. Nxg7 Kxg7 31. Rxf4 Rd5 32. Rb4 Bc8 33. Rh4 Re6
34. Re4 Rxc5 35. Qd1 Rd5 36. Qe1 Red6 37. Qc3 Rd1+ 38. Re1 f6 39. Rf1 Rxf1+ 40.
Kxf1 Rd1+ 41. Kf2 Bf5 42. Qg3+ Kf7 43. Qh4 Rd2+ 44. Kg3 Rxa2 45. Qxh6 Be4 46.
Kf4 Re2 47. Kg3 Rxg2+ 48. Kf4 Rg4+ 49. Ke3 Bc2 50. h4 Re4+ 51. Kd2 Rxh4 52. Qe3
Bd3 53. Kc3 Ke6 54. Qg3 Rg4 55. Qf2 f5 56. Qc5 f4 57. Qf8 f3 58. Qe8+ Kd5 59.
Qd8+ Ke4 60. Qf8 Rg2 61. Qb4+ Kd5 62. Qd4+ Ke6 63. Qd8 f2 64. Qe8+ Kf5 65. Qh5+
Rg5 66. Qh3+ Kg6 67. Qe6+ Kg7 68. Qe7+ Nf7 69. Qc7 f1=Q 70. Qa7 Qe1+ 71. Kxd3
Rg3+ 72. Kc2 {Hossa resigns} 0-1

[Event "ICS Rated blitz match"]
[Site "207.99.83.227"]
[Date "1999.05.03"]
[Round "?"]
[White "Hossa"]
[Black "Diepeveen"]
[Result "0-1"]
[WhiteElo "2442"]
[BlackElo "2327"]
[PlyCount "99"]

1. e4 c6 2. d4 d5 3. exd5 cxd5 4. Nf3 Nf6 5. Bb5+ Nc6 6. O-O Bg4 7. Qd3 Bxf3 8.
Qxf3 e6 9. c4 Rc8 10. cxd5 Qxd5 11. Qxd5 Nxd5 12. Nc3 Nf6 13. Be3 a6 14. Be2
Be7 15. Rad1 Nb4 16. Bf3 Nbd5 17. Bg5 Rc7 18. Bxd5 Nxd5 19. Nxd5 exd5 20. Rde1
f6 21. Bf4 Rc6 22. Re2 Kd7 23. f3 Re8 24. Rfe1 Rcc8 25. h4 Bf8 26. a3 Rxe2 27.
Rxe2 Re8 28. Rxe8 Kxe8 29. Kf2 Kd7 30. g4 Kc6 31. b4 Kb5 32. g5 f5 33. Bc1 Kc4
34. Ke3 Bd6 35. h5 g6 36. hxg6 hxg6 37. f4 Bc7 38. Bb2 Bb6 39. Ba1 Kb3 40. Kd3
Kxa3 41. Bc3 Kb3 42. b5 a5 43. Bd2 a4 44. Be1 a3 45. Bc3 a2 46. Kd2 Ba5 47.
Bxa5 a1=Q 48. Bb6 Qb2+ 49. Ke3 Kc2 50. Bc5 {Hossa resigns} 0-1

[Event "ICS Rated blitz match"]
[Site "207.99.83.227"]
[Date "1999.05.03"]
[Round "?"]
[White "Diepeveen"]
[Black "Hossa"]
[Result "0-1"]
[WhiteElo "2348"]
[BlackElo "2421"]
[PlyCount "44"]

1. e4 c6 2. d4 d5 3. f3 Nd7 4. Nc3 e6 5. Be3 Bb4 6. a3 Bxc3+ 7. bxc3 dxe4 8. g3
Qa5 9. Qd2 Ngf6 10. f4 O-O 11. Bg2 Nb6 12. Bf1 Ng4 13. c4 Qa4 14. h3 Nxe3 15.
Qxe3 Qxc2 16. Rc1 Nxc4 17. Rxc2 Nxe3 18. Re2 Nf5 19. Kf2 e3+ 20. Kg2 b6 21. Nf3
Ba6 22. Rc2 22... e2 {Diepeveen resigns} 0-1

[Event "ICS rated blitz match"]
[Site "207.99.83.227"]
[Date "1999.05.03"]
[Round "?"]
[White "Hossa"]
[Black "lunarlander"]
[Result "1-0"]
[WhiteElo "2430"]
[BlackElo "2133"]
[PlyCount "33"]

1. e4 c6 2. d4 d5 3. Nc3 dxe4 4. Nxe4 Nf6 5. Nxf6+ gxf6 6. Nf3 Bf5 7. Bd3 Bg6
8. Bxg6 hxg6 9. O-O e6 10. Bf4 Bd6 11. Qd2 Qc7 12. Bxd6 Qxd6 13. c4 Nd7 14.
Rfe1 O-O-O 15. Qa5 Kb8 16. Re3 Rh5 17. Qxd8# {lunarlander checkmated} 1-0

[Event "ICS rated blitz match"]
[Site "207.99.83.227"]
[Date "1999.05.03"]
[Round "?"]
[White "Hossa"]
[Black "UBet"]
[Result "1-0"]
[WhiteElo "2435"]
[BlackElo "2204"]
[PlyCount "31"]

1. e4 e5 2. Nf3 Nc6 3. Bb5 a6 4. Ba4 Nf6 5. O-O Be7 6. Re1 b5 7. Bb3 d6 8. c3
O-O 9. d4 Re8 10. Nbd2 Bf8 11. Ng5 Re7 12. Ndf3 h6 13. Nxf7 Rxf7 14. dxe5 dxe5
15. Bxf7+ Kxf7 16. Nxe5+ {UBet resigns} 1-0

[Event "ICS rated blitz match"]
[Site "207.99.83.227"]
[Date "1999.05.03"]
[Round "?"]
[White "UBet"]
[Black "Hossa"]
[Result "0-1"]
[WhiteElo "2197"]
[BlackElo "2442"]
[PlyCount "110"]

1. e4 c5 2. Nf3 Nc6 3. d4 cxd4 4. Nxd4 Nf6 5. Nc3 e5 6. Ndb5 d6 7. Nd5 Nxd5 8.
exd5 Nb8 9. c4 Be7 10. Bd3 O-O 11. O-O a6 12. Nc3 f5 13. f3 Qb6+ 14. Kh1 Qd4
15. Qe2 Nd7 16. Be3 Qh4 17. Bf2 Qf6 18. Rac1 b6 19. b4 a5 20. b5 Bb7 21. Na4
Bd8 22. Be3 f4 23. Bf2 Rc8 24. Rfd1 Qg5 25. Qe1 Bc7 26. Qg1 Qd8 27. Qe1 Kh8 28.
Bb1 g6 29. Bh4 g5 30. Bf2 Bb8 31. Qe4 Rf7 32. Qe1 Qc7 33. Be4 Rf6 34. Bb1 Rg8
35. h3 Ba7 36. Qe4 Rh6 37. Kg1 Nf6 38. Qe1 Nh5 39. Kf1 Ng3+ 40. Bxg3 fxg3 41.
Qxg3 Rh4 42. Bd3 Rf4 43. Kg1 Rg7 44. Kh1 Qe7 45. Nc3 Qf6 46. Ne4 Qh6 47. a4 g4
48. fxg4 Rgxg4 49. Qh2 Rh4 50. Ng3 Bc8 51. Kg1 Bxh3 52. gxh3 Rxh3 53. Qg2 Rg4
54. Bf5 Qe3+ 55. Kf1 55... Rf4+ {UBet resigns} 0-1

[Event "ICS rated blitz match"]
[Site "207.99.83.227"]
[Date "1999.05.03"]
[Round "?"]
[White "PostModernist"]
[Black "Hossa"]
[Result "1/2-1/2"]
[WhiteElo "2540"]
[BlackElo "2422"]
[PlyCount "202"]

1. d4 Nf6 2. c4 g6 3. Nc3 Bg7 4. Nf3 d5 5. cxd5 Nxd5 6. Na4 Nf6 7. e3 Bf5 8.
Bd3 Bxd3 9. Qxd3 O-O 10. O-O Nc6 11. Bd2 Nd7 12. Rfd1 Rb8 13. b4 Nde5 14. Qe2
Nxf3+ 15. Qxf3 Qd6 16. Nc5 a5 17. b5 Nb4 18. Nxb7 Qb6 19. Nxa5 Qxa5 20. a3 Qxb5
21. Bxb4 Qd7 22. Rdc1 Rfc8 23. Qc6 Qxc6 24. Rxc6 Bf6 25. Rac1 Rb7 26. Ba5 Ra7
27. Rxc7 Rcxc7 28. Bxc7 Rxa3 29. g3 h5 30. h4 Ra8 31. Kg2 Rc8 32. Rc5 e6 33. f4
Re8 34. Be5 Be7 35. Rb5 f6 36. Rb8 Rxb8 37. Bxb8 Bb4 38. Kf3 Bc3 39. Ba7 Kf7
40. Bc5 Ke8 41. e4 f5 42. e5 Kd7 43. Ke2 Kc6 44. Kf3 Kd7 45. Kf2 Kc6 46. Ke2
Kd5 47. Ke3 Be1 48. Kf3 Bc3 49. Ke3 Be1 50. Kf3 Bc3 51. Bb6 Bxd4 52. Ba5 Bc5
53. Bd2 Kc6 54. Be3 Ba3 55. Kg2 Bb2 56. Bd2 Kb5 57. Kf3 Ba3 58. Bc3 Be7 59. Bd4
Bd8 60. Ba7 Bc7 61. Kg2 Kc4 62. Kf3 Kd5 63. Bf2 Ba5 64. Be3 Kc4 65. Kg2 Kb5 66.
Kh3 Kc6 67. Kg2 Bb4 68. Kf3 Bc3 69. Bc1 Kd7 70. Ke2 Bb4 71. Bd2 Ba3 72. Bc3 Kc6
73. Ke3 Bf8 74. Kf3 Bc5 75. Bd2 Kc7 76. Be3 Bb4 77. Bf2 Kd7 78. Ke3 Kc6 79. Ke2
Kb5 80. Be1 Ba3 81. Kf3 Kc6 82. Bf2 Bf8 83. Bd4 Be7 84. Ke3 Bb4 85. Ba7 Be1 86.
Kf3 Bd2 87. Bf2 Kb5 88. Kg2 Bc3 89. Be3 Bb2 90. Kf3 Ba3 91. Kg2 Kc6 92. Kf3 Bb4
93. Kg2 Ba5 94. Bg1 Bd2 95. Bf2 Bc3 96. Kf3 Kb5 97. Kg2 Bd2 98. Kf3 Ba5 99. Bd4
Kc6 100. Bb2 Bb4 101. Bd4 101... Be1 {Game drawn by the 50 move rule} 1/2-1/2

[Event "ICS rated blitz match"]
[Site "207.99.83.227"]
[Date "1999.05.03"]
[Round "?"]
[White "brutus"]
[Black "Hossa"]
[Result "0-1"]
[WhiteElo "2154"]
[BlackElo "2427"]
[PlyCount "30"]

1. e4 c5 2. Nf3 Nc6 3. d4 cxd4 4. Nxd4 Nf6 5. Nc3 e5 6. Ndb5 d6 7. a4 a6 8. Na3
Be7 9. Bc4 O-O 10. O-O Be6 11. Bg5 Bxc4 12. Nxc4 Nxe4 13. Bxe7 Nxc3 14. Qxd6
Ne2+ 15. Kh1 15... Qxe7 {brutus resigns} 0-1

[Event "ICS Rated blitz match"]
[Site "207.99.83.227"]
[Date "1999.05.03"]
[Round "?"]
[White "Hossa"]
[Black "PostModernist"]
[Result "1-0"]
[WhiteElo "2433"]
[BlackElo "2543"]
[PlyCount "201"]

1. e4 c5 2. d3 Nc6 3. Be2 Nf6 4. Nf3 d5 5. e5 Ng4 6. Bf4 Qc7 7. O-O e6 8. Nc3
Ngxe5 9. Nxe5 Nxe5 10. Bh5 d4 11. Ne4 g6 12. Nf6+ Kd8 13. Re1 Bd6 14. Ne4 Nf3+
15. Bxf3 Bxf4 16. g3 Bh6 17. Nf6 Bg7 18. Ne4 e5 19. Qd2 h6 20. Qc1 Bh3 21. c3
f5 22. Nd2 Rc8 23. Qc2 b6 24. Rac1 dxc3 25. bxc3 Qd7 26. Nc4 Re8 27. a4 Kc7 28.
a5 b5 29. Ne3 Kb8 30. Rb1 a6 31. Nd5 Rcd8 32. Bh1 h5 33. Re3 Bh6 34. Re2 Bg4
35. Ree1 Qd6 36. Bg2 e4 37. dxe4 fxe4 38. Bxe4 Rxe4 39. Rxe4 Qxd5 40. Rxg4 hxg4
41. Qxg6 Rd6 42. Qxg4 Qa2 43. Qf5 c4 44. Re1 Qxa5 45. Re8+ Rd8 46. Qe5+ Kc8 47.
Qe6+ Kb8 48. Qd6+ Kc8 49. Qc6+ Qc7 50. Qxa6+ Kb8 51. Qxb5+ Kc8 52. Qa6+ Kb8 53.
Rxd8+ Qxd8 54. Qxh6 Qd1+ 55. Kg2 Qd5+ 56. f3 Qd3 57. Qb6+ Kc8 58. Qb2 Kc7 59.
Kf2 Kc6 60. h4 Kc7 61. Qc1 Kc8 62. g4 Qd6 63. Kg2 Qe7 64. h5 Qe2+ 65. Kg3 Qe5+
66. f4 Qe2 67. Kh4 Qf2+ 68. Kg5 Qc5+ 69. f5 Qe7+ 70. Kf4 Qd6+ 71. Kf3 Qd5+ 72.
Kf2 Qe4 73. Qd1 Qf4+ 74. Kg2 Qe3 75. Qf3 Qd2+ 76. Kg3 Qd6+ 77. Kh4 Kd8 78. f6
Ke8 79. Qe4+ Kf8 80. Qe7+ Qxe7 81. fxe7+ Kxe7 82. Kg5 Kf8 83. h6 Kg8 84. h7+
Kxh7 85. Kf6 Kh6 86. Kf5 Kg7 87. Ke6 Kg6 88. Kd5 Kg5 89. Kxc4 Kxg4 90. Kd5 Kf5
91. c4 Kf6 92. c5 Kf7 93. c6 Ke7 94. Ke5 Ke8 95. Ke6 Kd8 96. Kd6 Kc8 97. c7 Kb7
98. Kd7 Kb6 99. c8=Q Kb5 100. Qc3 Ka4 101. Qd3 {PostModernist resigns} 1-0

[Event "ICS rated blitz match"]
[Site "207.99.83.227"]
[Date "1999.05.03"]
[Round "?"]
[White "Hossa"]
[Black "totoff"]
[Result "1-0"]
[WhiteElo "2462"]
[BlackElo "2128"]
[PlyCount "67"]

1. d4 Nf6 2. Nf3 g6 3. Nc3 d5 4. Bf4 Bg7 5. Qd2 c6 6. Bh6 O-O 7. Bxg7 Kxg7 8.
O-O-O b5 9. e3 b4 10. Ne2 Ne4 11. Qe1 Qa5 12. Kb1 Bf5 13. Ne5 Na6 14. g4 Be6
15. f3 Nd6 16. Nxc6 Qb6 17. Ne5 Rab8 18. Nf4 Rfc8 19. Nxe6+ fxe6 20. Nd7 Qc6
21. Bxa6 Qxa6 22. Nxb8 Rxb8 23. e4 dxe4 24. fxe4 Nb5 25. Ka1 Qa4 26. Qg3 Rb6
27. c4 Ra6 28. a3 Nc3 29. Qe5+ Kg8 30. Qb8+ Kg7 31. Rdf1 Kh6 32. Qf8+ Kg5 33.
h4+ Kxg4 34. Qf3# {totoff checkmated} 1-0

[Event "ICS rated blitz match"]
[Site "207.99.83.227"]
[Date "1999.05.03"]
[Round "?"]
[White "Hossa"]
[Black "sjonnie"]
[Result "1-0"]
[WhiteElo "2466"]
[BlackElo "2109"]
[PlyCount "79"]

1. d4 Nf6 2. c4 c5 3. dxc5 Na6 4. Nc3 Nxc5 5. Nf3 g6 6. Be3 b6 7. Nd5 Nxd5 8.
cxd5 Bg7 9. Bd4 O-O 10. Bxg7 Kxg7 11. e3 a5 12. Rc1 d6 13. Bb5 e5 14. O-O h6
15. Nd2 Bd7 16. Bxd7 Qxd7 17. f4 f6 18. Nc4 Rab8 19. Qf3 e4 20. Qg3 Nd3 21. f5
g5 22. Rc3 Rfd8 23. Qg4 Re8 24. Qh5 Qf7 25. Qxf7+ Kxf7 26. Nxd6+ Ke7 27. Nxe8
Rxe8 28. Rc7+ Kd6 29. Rc6+ Kxd5 30. Rxf6 b5 31. Rxh6 Rf8 32. Ra6 a4 33. Rg6 Ne5
34. Rd1+ Kc5 35. Rxg5 Nc4 36. Re1 Rf6 37. Re2 Nd6 38. Rc2+ Kd5 39. Rg6 Ke5 40.
Rc5# {sjonnie checkmated} 1-0

[Event "ICS rated blitz match"]
[Site "207.99.83.227"]
[Date "1999.05.03"]
[Round "?"]
[White "sjonnie"]
[Black "Hossa"]
[Result "0-1"]
[WhiteElo "2086"]
[BlackElo "2479"]
[PlyCount "40"]

1. e4 c5 2. Nf3 Nc6 3. Bb5 d6 4. O-O e5 5. c3 Nf6 6. Re1 Bg4 7. h3 Bxf3 8. Qxf3
Be7 9. d3 O-O 10. Nd2 Rc8 11. Nf1 Qa5 12. a4 Nd4 13. cxd4 Qxe1 14. d5 c4 15.
Bxc4 Nxe4 16. Qxe4 Qxe4 17. dxe4 Rxc4 18. Ng3 g6 19. Be3 Bh4 20. b3 20... Rb4 {
sjonnie resigns} 0-1

[Event "ICS rated blitz match"]
[Site "207.99.83.227"]
[Date "1999.05.03"]
[Round "?"]
[White "Hossa"]
[Black "Tim"]
[Result "0-1"]
[WhiteElo "2482"]
[BlackElo "2413"]
[PlyCount "123"]

1. d4 d5 2. c4 Nc6 3. cxd5 Qxd5 4. e3 e5 5. Nc3 Bb4 6. Bd2 Bxc3 7. Bxc3 exd4 8.
Ne2 Bg4 9. exd4 O-O-O 10. f3 Bf5 11. Qd2 Nf6 12. Kf2 Rhe8 13. Re1 Re7 14. a4
Rde8 15. b4 Nd8 16. Nf4 Qd7 17. Bb5 c6 18. Bc4 Rxe1 19. Rxe1 Rxe1 20. Qxe1 Nd5
21. Bxd5 cxd5 22. Qe5 Be6 23. Qxg7 Qxa4 24. Qxh7 Qa2+ 25. Kg1 Qb3 26. Qd3 Nc6
27. Nxe6 fxe6 28. Qd2 b5 29. Qe1 Kd7 30. h3 a5 31. bxa5 b4 32. Bd2 Qa4 33. Be3
b3 34. Qc3 Nxa5 35. g3 Nc4 36. Bc1 Qa5 37. Qxa5 Nxa5 38. g4 Nc4 39. g5 Ke7 40.
h4 Kf7 41. h5 b2 42. Bxb2 Nxb2 43. Kh2 Nc4 44. Kh3 Ne3 45. Kg3 Nf5+ 46. Kg4
Nxd4 47. Kf4 Nc6 48. Kg3 e5 49. f4 e4 50. f5 d4 51. h6 d3 52. g6+ Kg8 53. Kf2
d2 54. Ke2 e3 55. h7+ Kh8 56. Kd1 Ne5 57. Kc2 Ng4 58. Kd1 Nf2+ 59. Kc2 d1=Q+
60. Kc3 Qd3+ 61. Kb4 e2 62. Ka4 {Hossa resigns} 0-1

[Event "ICS rated blitz match"]
[Site "207.99.83.227"]
[Date "1999.05.03"]
[Round "?"]
[White "JS"]
[Black "Hossa"]
[Result "0-1"]
[WhiteElo "2147"]
[BlackElo "2463"]
[PlyCount "40"]

1. c4 e5 2. Nc3 Nc6 3. d3 Nf6 4. g3 Bb4 5. Bd2 O-O 6. Bg2 Bxc3 7. Bxc3 d6 8. e3
Be6 9. Ne2 Qd7 10. O-O Bh3 11. Qd2 Bxg2 12. Kxg2 d5 13. cxd5 Qxd5+ 14. f3 Rad8
15. Rad1 Qxa2 16. Qc2 Qe6 17. d4 Nd5 18. Rd3 e4 19. fxe4 Qxe4+ 20. Rf3 20...
Nxe3+ {JS resigns} 0-1

[Event "ICS Rated blitz match"]
[Site "207.99.83.227"]
[Date "1999.05.03"]
[Round "?"]
[White "Hossa"]
[Black "razzle"]
[Result "0-1"]
[WhiteElo "2467"]
[BlackElo "2822"]
[PlyCount "131"]

1. d4 d5 2. c4 e6 3. Nf3 Nf6 4. e3 c5 5. cxd5 Nxd5 6. e4 Nc7 7. Bg5 f6 8. Bf4
cxd4 9. Qxd4 Qxd4 10. Nxd4 e5 11. Bg3 Bb4+ 12. Nd2 O-O 13. Bc4+ Kh8 14. N4f3
Bxd2+ 15. Nxd2 Be6 16. Bxe6 Nxe6 17. O-O Nc6 18. Rad1 Nb4 19. Nc4 Nxa2 20. Nd6
b6 21. f4 exf4 22. Bxf4 Nb4 23. e5 fxe5 24. Bxe5 Nc6 25. Bc3 Nf4 26. Rd2 Rad8
27. Rfd1 Rd7 28. g3 Ne6 29. h4 Nc5 30. Re1 h6 31. h5 Kh7 32. Re3 Rfd8 33. Nc4
Rxd2 34. Nxd2 Rd5 35. g4 Na4 36. Ne4 Rb5 37. Re2 Nxc3 38. Nxc3 Rg5 39. Rg2 Ne5
40. b4 a5 41. Na4 axb4 42. Nxb6 Rxg4 43. Kh1 b3 44. Rb2 Nf3 45. Rb1 b2 46. Nd5
Rg1+ 47. Rxg1 Nxg1 48. Nc3 Ne2 49. Nb1 Ng3+ 50. Kg2 Nxh5 51. Kf3 Nf6 52. Ke2 h5
53. Kf3 g5 54. Kg2 Kg6 55. Kf1 h4 56. Nd2 g4 57. Kg2 Nh5 58. Nb1 Nf4+ 59. Kg1
g3 60. Nd2 h3 61. Nb1 g2 62. Kf2 h2 63. Kg3 h1=Q 64. Kxf4 g1=Q 65. Ke5 Qc5+ 66.
Ke6 {Hossa resigns} 0-1

[Event "ICS rated blitz match"]
[Site "207.99.83.227"]
[Date "1999.05.03"]
[Round "?"]
[White "lunarlander"]
[Black "Hossa"]
[Result "0-1"]
[WhiteElo "2107"]
[BlackElo "2463"]
[PlyCount "42"]

1. e4 c5 2. Nf3 Nc6 3. c3 d5 4. exd5 Qxd5 5. d4 Bg4 6. Be2 O-O-O 7. Be3 e6 8.
O-O Bd6 9. Qa4 cxd4 10. cxd4 Qh5 11. h3 Bxh3 12. gxh3 Qxh3 13. Nbd2 Qg4+ 14.
Kh1 Bf4 15. Bxf4 Qxf4 16. Rac1 Rd5 17. Rxc6+ bxc6 18. Qxc6+ Kb8 19. Rc1 Rh5+
20. Kg1 Qg4+ 21. Kf1 21... Rh1+ {lunarlander resigns} 0-1

[Event "ICS rated blitz match"]
[Site "207.99.83.227"]
[Date "1999.05.03"]
[Round "?"]
[White "Hossa"]
[Black "sjonnie"]
[Result "1-0"]
[WhiteElo "2467"]
[BlackElo "2083"]
[PlyCount "35"]

1. e4 c5 2. Nf3 Nc6 3. Bb5 e6 4. O-O Nge7 5. Re1 a6 6. Be2 g6 7. d4 cxd4 8.
Nxd4 Bg7 9. Nxc6 bxc6 10. Qd6 O-O 11. Nc3 Bb7 12. Rd1 Nc8 13. Qxd7 Qxd7 14.
Rxd7 Rb8 15. Na4 Re8 16. Nc5 Ba8 17. Nxa6 Rb6 18. Nc7 {sjonnie resigns} 1-0

[Event "ICS rated blitz match"]
[Site "207.99.83.227"]
[Date "1999.05.03"]
[Round "?"]
[White "sjonnie"]
[Black "Hossa"]
[Result "0-1"]
[WhiteElo "2080"]
[BlackElo "2470"]
[PlyCount "112"]

1. e4 c5 2. Nf3 Nc6 3. Bb5 d6 4. O-O e5 5. c3 Nf6 6. Re1 Bg4 7. h3 Bxf3 8. Qxf3
Be7 9. Bf1 O-O 10. d3 Qd7 11. Nd2 Rad8 12. Nc4 b5 13. Ne3 a5 14. Nf5 a4 15. Bg5
Qc7 16. a3 Rde8 17. Nxe7+ Qxe7 18. Bxf6 Qxf6 19. Qxf6 gxf6 20. d4 c4 21. dxe5
dxe5 22. Rad1 Kg7 23. Rd5 Na7 24. Red1 Kg6 25. g3 Rg8 26. h4 Kg7 27. Bh3 Re7
28. Bf5 Rb7 29. Kg2 Nc8 30. Rd7 Rxd7 31. Rxd7 Re8 32. Rb7 Nd6 33. Rb6 Rd8 34.
g4 Kg8 35. g5 fxg5 36. hxg5 Kg7 37. Kg3 h6 38. gxh6+ Kxh6 39. f4 f6 40. fxe5
fxe5 41. Rc6 Kg5 42. Rc5 Nxf5+ 43. exf5 Rd3+ 44. Kf2 Rd2+ 45. Ke3 Rxb2 46. Rxe5
Rb3 47. Ke4 Rxa3 48. Rxb5 Rxc3 49. Rb6 a3 50. Rg6+ Kh5 51. Ra6 Rb3 52. Ke5 c3
53. Kf6 c2 54. Rc6 a2 55. Rxc2 a1=Q+ 56. Ke6 56... Rb6+ {sjonnie resigns} 0-1

[Event "ICS rated blitz match"]
[Site "207.99.83.227"]
[Date "1999.05.03"]
[Round "?"]
[White "Hossa"]
[Black "sjonnie"]
[Result "1-0"]
[WhiteElo "2473"]
[BlackElo "2077"]
[PlyCount "56"]

1. d4 Nf6 2. c4 c5 3. dxc5 e6 4. b4 a5 5. Qa4 Na6 6. a3 Be7 7. Bb2 O-O 8. Nf3
Ne4 9. Nc3 Bf6 10. Nxe4 Bxb2 11. Rb1 Bf6 12. Nxf6+ Qxf6 13. Qxa5 Qc3+ 14. Nd2
b6 15. cxb6 Bb7 16. Qa4 Nc5 17. Qd1 Ne4 18. Rb3 Qd4 19. Nxe4 Qxe4 20. Qd3 Qc6
21. c5 d6 22. Qxd6 Qa4 23. Qg3 Rfd8 24. f4 Be4 25. Qe3 Bc2 26. Rc3 Rd1+ 27. Kf2
Bf5 28. c6 28... Rad8 {sjonnie resigns} 1-0

[Event "ICS rated blitz match"]
[Site "207.99.83.227"]
[Date "1999.05.03"]
[Round "?"]
[White "RedBear"]
[Black "Hossa"]
[Result "1/2-1/2"]
[WhiteElo "2511"]
[BlackElo "2476"]
[PlyCount "112"]

1. e4 c5 2. Nc3 e6 3. Nf3 Nc6 4. d4 cxd4 5. Nxd4 Bb4 6. Ndb5 Nf6 7. a3 Bxc3+ 8.
Nxc3 d5 9. exd5 exd5 10. Bd3 Qe7+ 11. Qe2 Qxe2+ 12. Nxe2 Ne5 13. Bb5+ Bd7 14.
Bxd7+ Nexd7 15. Be3 O-O 16. O-O-O Rfe8 17. Nc3 Re5 18. Bd4 Rg5 19. g3 a5 20.
Rhe1 Rd8 21. Re7 Rh5 22. h4 b6 23. f4 Rb8 24. Be5 Nxe5 25. fxe5 Ng4 26. Rxd5
Kf8 27. Rdd7 Nxe5 28. Ra7 Rf5 29. Rec7 Rf3 30. Ne4 Re3 31. Ng5 Rxg3 32. Nxh7+
Kg8 33. Ng5 Rg1+ 34. Kd2 Rd8+ 35. Ke3 Rf1 36. Rab7 Ng4+ 37. Ke2 Rf2+ 38. Ke1
Re8+ 39. Re7 Rxe7+ 40. Rxe7 g6 41. Re8+ Kg7 42. Re4 Rg2 43. Kf1 Rg3 44. Re7 Nh6
45. Rb7 Rg4 46. Rxb6 Rxh4 47. Ke2 Rg4 48. Nf3 Rg2+ 49. Kd3 Nf5 50. b4 Rg3 51.
Ke4 axb4 52. axb4 Rg4+ 53. Kd3 Rg3 54. Ke4 Rg4+ 55. Kd3 Rg3 56. Ke4 56... Rg4+
{Game drawn by repetition} 1/2-1/2

[Event "ICS rated blitz match"]
[Site "207.99.83.227"]
[Date "1999.05.04"]
[Round "?"]
[White "Hossa"]
[Black "UBet"]
[Result "1-0"]
[WhiteElo "2478"]
[BlackElo "2261"]
[PlyCount "39"]

1. d4 Nf6 2. c4 e6 3. Nf3 c5 4. Nc3 cxd4 5. Nxd4 a6 6. e4 d6 7. Bd3 Be7 8. O-O
O-O 9. Be3 Qc7 10. b4 d5 11. exd5 exd5 12. Nxd5 Nxd5 13. cxd5 Bxb4 14. Bxh7+
Kxh7 15. Qb1+ g6 16. Qxb4 Rd8 17. Nf5 Bxf5 18. Bb6 Qd6 19. Qh4+ Kg8 20. Qxd8+ {
UBet resigns} 1-0

[Event "ICS Rated blitz match"]
[Site "207.99.83.227"]
[Date "1999.05.04"]
[Round "?"]
[White "Kotronias"]
[Black "Hossa"]
[Result "1-0"]
[WhiteElo "2573"]
[BlackElo "2485"]
[PlyCount "68"]

1. e4 c5 2. Nf3 Nc6 3. d4 cxd4 4. Nxd4 Nf6 5. Nc3 e5 6. Ndb5 d6 7. Bg5 a6 8.
Na3 Be7 9. Bxf6 Bxf6 10. Nc4 Nd4 11. Nd5 Bg4 12. Qxg4 Nxc2+ 13. Kd1 Nxa1 14.
Ncb6 Ra7 15. Bd3 O-O 16. Ke2 Nb3 17. axb3 Bg5 18. h4 Bf4 19. g3 Bh6 20. Ra1 Kh8
21. Ra4 Qe8 22. Kf1 f5 23. exf5 Bc1 24. Rc4 Bxb2 25. Be4 h5 26. Qg5 Bc1 27.
Rxc1 Qb5+ 28. Kg2 Qe8 29. Rc7 Rf7 30. Qxh5+ Kg8 31. Nf6+ gxf6 32. Bd5 Qd7 33.
Rxd7 e4 34. Qxf7+ 34... Kh8 {Hossa resigns} 1-0